Anglicko - český letecký slovník

Salvato in:
Dettagli Bibliografici
Autore principale: Řáda, Ivan (Autore)
Natura: Libro
Lingua:inglese
ceco
Pubblicazione: Voznice : LEDA, 2001
Edizione:1. vyd.
Tags: Aggiungi Tag
Nessun Tag, puoi essere il primo ad aggiungerne!!

MARC

LEADER 00000nam a22000003a 4500
001 stu73560
005 20150617225648.7
008 020204s2001----xr------------------eng-d
020 |a 80-85927-92-6 
040 |a STU  |b slo 
041 0 |a eng  |a cze 
044 |a xr 
080 |a 629.7  |7 stu_us_auth*stu3474 
080 |a 801.316.4 =20 =850 
100 1 |a Řáda, Ivan  |4 aut 
245 1 |a Anglicko - český letecký slovník 
250 |a 1. vyd. 
260 |a Voznice :  |b LEDA,  |c 2001 
300 |a 415 s 
996 |b 284J005828  |c J*98890  |l JJST  |s P  |a 0  |w stu73560_0001